| 000 | 00458nam a2200145 a 4500 | ||
|---|---|---|---|
| 001 | 000040119 | ||
| 005 | 20201002033929.0 | ||
| 008 | 130808s1966 mx 000 0 spa d | ||
| 040 |
_aDO-SdBNP _bspa _cBNPHU |
||
| 100 | 1 |
_aNavarrete, Raúl _966382 |
|
| 245 | 1 | 0 |
_aAquí, allá, en esos lugares / _cRaúl Navarre te. |
| 260 |
_aMéxico : _bSiglo XXI Editores, _c1966. |
||
| 300 |
_a245 p. ; _c19 cm. |
||
| 500 | _aIncluye datos biográficos del autor en las solapas | ||
| 999 |
_c39609 _d39609 |
||